000 00532nam a2200193Ii 4500
003 JO-AjNU
008 230605s9999||||xx |||||||||||||| ||und||
040 _aJO-AjNU
_bara
_erda
_cJO-AjNU
041 _aara
050 1 4 _aPJ7862 2004
100 3 _aتأليف عموري، جاسر,
_eauthor
_950343
245 0 0 _aحب من نار
264 3 1 _aد.ن
300 _a92ص
336 _atext
_btxt
_2rdacontent
337 _aunmediated
_bn
_2rdamedia
338 _avolume
_bnc
_2rdacarrier
650 4 _aالشعر العربي
_950344
999 _aA22170
_c25738
_d25738